000 00804nas a2200277 4500
001 BR0900231
003 BR-BrBNA
005 20231205113008.0
007 ta
008 230509b bl.|||p| |||| 00| 00por d
040 _aBR-BrBNA
_bpor
_cBiblioteca Nacional de Agricultura
041 _a(Pt)
072 _aE16; F60
100 1 _aFeijó, S.
100 1 _aOliveira, S.J.R.
100 1 _aStorck, L.
100 1 _aLucio, A.D.
100 1 _aDamo, H.
100 1 _aMartin, L.D.
245 1 _aRepetibilidade da produção de frutos de abobrinha italiana.
650 _aABOBRINHA
650 _aPRODUÇÃO
773 0 _tRevista Brasileira de Agrociência (Brazil)
_xISSN 0104-8996
_g(Jan-Mar 2005), v. 11(1) p. 39-43
_wBR0900231
909 _a202311
_bLúcia
_c55
_dLúcia Elande
942 _2AGRIS
_n0
_cANA
999 _c201227
_d201227